Analog Filter and Circuit Design Handbook (Record no. 328330)

000 -LEADER
fixed length control field 00397 a2200145 4500
001 - CONTROL NUMBER
control field 93257
003 - CONTROL NUMBER IDENTIFIER
control field NUST
005 - DATE AND TIME OF LATEST TRANSACTION
control field 20180120130253.0
008 - FIXED-LENGTH DATA ELEMENTS--GENERAL INFORMATION
fixed length control field 180120b xxu||||| |||| 00| 0 eng d
020 ## - INTERNATIONAL STANDARD BOOK NUMBER
International Standard Book Number 978-0-07-181671-7
082 ## - DEWEY DECIMAL CLASSIFICATION NUMBER
Classification number 621.381553/WIL
100 ## - MAIN ENTRY--PERSONAL NAME
Personal name Williams, Arthur Bernard
9 (RLIN) 9188
245 ## - TITLE STATEMENT
Title Analog Filter and Circuit Design Handbook
260 ## - PUBLICATION, DISTRIBUTION, ETC.
Place of publication, distribution, etc. New York
Name of publisher, distributor, etc. Mc Graw Hill
Date of publication, distribution, etc. 2014
300 ## - PHYSICAL DESCRIPTION
Extent xviii,619p.
500 ## - GENERAL NOTE
General note Avionics Reference Book
942 ## - ADDED ENTRY ELEMENTS (KOHA)
Institution code [OBSOLETE] CAE NUST
Koha item type Book
Call number prefix 621.381553/WIL
Source of classification or shelving scheme
Holdings
Withdrawn status Lost status Damaged status Not for loan Collection code Permanent Location Current Location Date acquired Total Checkouts Full call number Barcode Date last seen Price effective from Koha item type
          College of Aeronautical Engineering (CAE) College of Aeronautical Engineering (CAE) 04/03/2017   621.381553/WIL CAE88884 04/05/2017 04/05/2017 Book
© 2023 Central Library, National University of Sciences and Technology. All Rights Reserved.